History Quiz

Random History or NBA Quiz

Clickable Als II Quiz Stats

 Plays Quiz not verified by Sporcle

Also try: Clickable Als
Challenge
Share
Tweet
Embed
Score 0/30 Timer 06:00
0 Plays Today
% Correct
Alexander III
81.9%
Ally McBeal
80%
Alan Thicke
77.4%
Al Roker
73.8%
Al Jolson
72%
Al Unser
71.2%
Al Borland
70.1%
Alan Hale, Jr.
65.8%
Alex Rodriguez
65.2%
Alonzo Mourning
60.5%
Alannah Myles
59.3%
Alice Paul
56.4%
Al Molinaro
50.8%
Alexandra Paul
50.3%
Al Lewis
50%
% Correct
Al Hirt
49.3%
Alfonso Soriano
49.2%
Al Kaline
44.4%
Al Stewart
44.3%
Al Jardine
43.5%
Albert Belle
43%
Al Del Greco
41.1%
Alonzo Harris
40.9%
Al Toon
37.1%
Al Di Meola
28.2%
Al Lopez
27.7%
Alan Brady
15.8%
Al Jourgensen
14.1%
Ali Campbell
8.1%
Al Held
7.6%

You're not logged in!

Compare scores with friends on all Sporcle quizzes.
OR
Log In

You Might Also Like...

Show Comments

Extras

Top Quizzes Today


Score Distribution

Your Account Isn't Verified!

In order to create a playlist on Sporcle, you need to verify the email address you used during registration. Go to your Sporcle Settings to finish the process.

Report this User

Report this user for behavior that violates our Community Guidelines.

Details: